| 000 | 00978nam a2200289Ia 4500 | ||
|---|---|---|---|
| 001 | Para_1050 | ||
| 003 | CHAP | ||
| 008 | 220125s1995 xx 000 0 und d | ||
| 010 | _a199758 | ||
| 040 | _cCHAP | ||
| 090 | _aPA TESIS 1016 | ||
| 100 |
_aGutierrez Garcia, Socorro del Carmen _951697 |
||
| 245 |
_aPolvos minerales para el control de Sitophilus zeamais Mots. (Coleoptera : _b Curculionidae) en maíz almacenado / _c por Socorro del Carmen Gutierrez Garcia |
||
| 260 |
_aChapingo, Méx. : _b El autor |
||
| 300 | _a76 h. | ||
| 502 | _aTesis (Ing. Agr. Esp. en Parasitología Agrícola) -- UACh. Depto. Parasitología | ||
| 650 |
_aMaíz _x Plagas _971034 |
||
| 650 |
_aSitophilus Zeamais _9106790 |
||
| 710 |
_aUACh. Departamento Parasitologia Agrícola _9164691 |
||
| 901 | _aPA TESIS 1016 | ||
| 902 | _aA | ||
| 905 | _a0000001995 a 0000000000 00 | ||
| 910 | _a1995 | ||
| 942 | _cPARA | ||
| 942 |
_cPARA _d1 |
||
| 999 |
_c199758 _d199758 |
||